000 01418cam a2200169 4500500
005 20260111093056.0
041 _afre
042 _adc
100 1 0 _aDijon, Xavier
_eauthor
245 0 0 _aSteffens M., Calmeyn M.-L., Gomez P.-Y., Landete L., des Lauriers T., Streb B., Valentin B., Et maintenant ? 7 vertus pour traverser la crise, Paris, Emmanuel, 2021, 15x20, 198 p., 17,00 €. ISBN 978-2-353-89878-7
260 _c2021.
500 _a50
520 _aSur l’initiative éditoriale de Benoît Heilbrunn, Jean-Marc Ferry livre en ces Écrits philosophiques une synthèse de ses travaux menés en plus de trente ans de carrière, essentiellement comme professeur de philosophie politique à l’Université libre de Bruxelles, puis comme titulaire de la chaire de « Philosophie de l’Europe » à l’Université de Nantes.
520 _aOn the editorial initiative of Benoît Heilbrunn, Jean-Marc Ferry delivers in these Écrits philosophiques a synthesis of his work carried out over a career of over 30 years, essentially as professor of political philosophy at the Université libre de Bruxelles, then as holder of the chair of “Philosophy of Europe” at the Université de Nantes.
786 0 _nNouvelle revue théologique | 144 | 1 | 2021-12-23 | p. 155e-161e | 0029-4845
856 4 1 _uhttps://shs.cairn.info/revue-nouvelle-revue-theologique-2022-1-page-155e?lang=fr&redirect-ssocas=7080
999 _c1625262
_d1625262